Integral calculus for B.A. and B.Sc. students / (Record no. 89049)

MARC details
000 -LEADER
fixed length control field 00643nam a22002177a 4500
005 - DATE AND TIME OF LATEST TRANSACTION
control field 20150129115641.0
010 ## - LCCN (DPL NO)
LC control number BAC-EN21 ENG-111774
020 ## - INTERNATIONAL STANDARD BOOK NUMBER
International Standard Book Number 9788121906814
Terms of availability 295.00
035 ## - SYSTEM CONTROL NUMBER
System control number EN-95306
037 ## - SOURCE OF ACQUISITION
Source of stock number/acquisition UBH
037 ## - SOURCE OF ACQUISITION
Source of stock number/acquisition DBAD/PUB
082 ## - DEWEY DECIMAL CLASSIFICATION NUMBER
Classification number 517.3
100 ## - MAIN ENTRY--PERSONAL NAME
Personal name Shanti Narayan
245 ## - TITLE STATEMENT
Title Integral calculus for B.A. and B.Sc. students /
Statement of responsibility, etc by Shanti Narayan; revised by P.K. Mittal
260 ## - PUBLICATION, DISTRIBUTION, ETC. (IMPRINT)
Place of publication, distribution, etc New Delhi
Name of publisher, distributor, etc S. Chand
Date of publication, distribution, etc 2014(repr.)
270 ## - ADDRESS
Address 7361,Ram Nagar
City New Delhi
Postal code 110055
300 ## - PHYSICAL DESCRIPTION
Extent xi,592p.
Dimensions 24cm(pbk)
700 ## - ADDED ENTRY--PERSONAL NAME
Personal name Mittal, P.K.
942 ## - ADDED ENTRY ELEMENTS (KOHA)
Source of classification or shelving scheme Dewey Decimal Classification
Item type English Books
Call number suffix SHA
Classification part 517.3
Holdings
Withdrawn status Lost status Not for loan Collection code Home library Current library Date acquired Source of acquisition Cost, normal purchase price Full call number Barcode Copy number Cost, replacement price Koha item type
    Not For Loan Non-fiction D.B.Act.Division D.B.Act.Division 20/01/2015 DBAD/PUB 295.00 517.3 SHA EN-95306 1 295.00 English Books

© Delhi Public Library
Hit Counter
free hit counter